Islamic Reform and Revival in Nineteenth Century India Tariqah i Muhammadiyah (Record no. 301182)
[ view plain ]
| 000 -LEADER | |
|---|---|
| fixed length control field | 00362 a2200133 4500 |
| 001 - CONTROL NUMBER | |
| control field | 66109 |
| 020 ## - INTERNATIONAL STANDARD BOOK NUMBER | |
| International Standard Book Number | 9788190363457 |
| 082 ## - DEWEY DECIMAL CLASSIFICATION NUMBER | |
| Classification number | 297.854 PEA |
| 090 ## - LOCALLY ASSIGNED LC-TYPE CALL NUMBER (OCLC); LOCAL CALL NUMBER (RLIN) | |
| -- | 38412 |
| -- | 38412 |
| 100 ## - MAIN ENTRY--PERSONAL NAME | |
| Personal name | Harlan O. Pearson |
| 245 ## - TITLE STATEMENT | |
| Title | Islamic Reform and Revival in Nineteenth Century India Tariqah i Muhammadiyah |
| 260 ## - PUBLICATION, DISTRIBUTION, ETC. | |
| Place of publication, distribution, etc. | India |
| Name of publisher, distributor, etc. | Yodapress |
| Date of publication, distribution, etc. | 2008 |
| 300 ## - PHYSICAL DESCRIPTION | |
| Extent | xviii 266p |
| 942 ## - ADDED ENTRY ELEMENTS (KOHA) | |
| Institution code [OBSOLETE] | caenust |
| Call number prefix | 297.854 PEA |
| Withdrawn status | Lost status | Damaged status | Not for loan | Collection code | Permanent Location | Current Location | Date acquired | Total Checkouts | Full call number | Barcode | Date last seen | Price effective from | Koha item type |
|---|---|---|---|---|---|---|---|---|---|---|---|---|---|
| College of Aeronautical Engineering (CAE) | College of Aeronautical Engineering (CAE) | 04/03/2017 | 297.854 PEA | CAE82111 | 04/05/2017 | 04/05/2017 | Book |
